000 00545nam a2200181 a 4500
001 000669830
003 AM-YeHGA
005 20250617141923.0
008 090625s1964 ||| r 000 0 rus d
040 _aAM-YeHGA
041 0 _arus
100 1 _aПрошин, Святослав
245 1 0 _aДжугара :
_bРассказы /
_cСвятослав Прошин.
260 _aМинск :
_bБеларусь,
_c1964.
300 _a150 с.
653 0 _aРусская художественная проза - 20 в.
090 _c249448
999 _c247857
_d247857